000 01304nam0a22002891 4500
001 rc\3710253
005 20260407064600.0
021 _aRU
_b[73-63169]
035 _a(NLR Aleph) 007857588
090 _a7793428
_c7793428
100 _a20130115d1973 |||y0rusy50 ca
101 0 _arus
102 _aRU
105 _ay z |||||
200 1 _aСборник научно-практических работ врачей санаториев
_f[Ред. коллегия: Ф.В. Корелина (отв. ред.) и др.]
_gЛенингр. территор. совет по управлению курортами профсоюзов. Базовый санаторий "Сестрорецкий курорт"
210 _aЛенинград
_cМедицина. Ленингр. отд-ние
_d1973
215 _a163 с.
_d20
320 _aСписки лит. в конце работ
606 _aКурортотерапия
_jСборники
_2psbo
606 _aКлиническая медицина
_jСборники
_2psbo
702 1 _aКорелина
_bФ.В.
_4340
712 0 2 _a"Сестрорецкий курорт", санаторий
_3RU\NLR\AUTH\8810031973
_9562531
801 0 _aRU
_bNLR
_gpsbo
801 1 _aRU
_bELAR
_2rusmarc
852 _aNLR
_j73-3/5660
942 _cBOOK
980 _aNB